| 000 | 00776nam a2200265 4500 | ||
|---|---|---|---|
| 003 | OSt | ||
| 005 | 20260530115259.0 | ||
| 008 | 260508b2004 |||o|||| |||| 00| 0 spa d | ||
| 040 |
_aICI _bspa _cICI |
||
| 050 |
_aNK1510 _bM35 |
||
| 100 | 1 | _aMaldonado, Tomás | |
| 245 | 1 | 0 |
_a2 Textos recientes: _bProyectar hoy : diseño, globalización, autonomía |
| 264 | 1 |
_bNODAL Esdi 40 _c2004 _aArgentina |
|
| 300 | _a75 páginas | ||
| 336 |
_atexto _2rdacontent |
||
| 337 |
_asin medio _2rdamedia |
||
| 338 |
_avolumen _2rdacarrier |
||
| 650 |
_aDiseño industrial _915218 |
||
| 650 | _aGlobalización | ||
| 650 |
_aDiseño _xFilosofía |
||
| 650 | _aDiseño y tecnología | ||
| 650 |
_aDiseño _xAspectos sociales |
||
| 650 | _aInnovaciones tecnológicas | ||
| 942 |
_2lcc _cBK _n1 |
||
| 999 |
_c12741 _d12741 |
||